Blue States - Sudden Death - Statistics

General Stats
  • This quiz has been taken 89,170 times
    89,104 since last reset
  • The average score is 11 of 19
Answers on the Grid
Answers color-coded by a green-red scale on the quiz's grid according to % correct below.
Alaska
Arizona
Arkansas
California
Colorado
Connecticut
Delaware
Georgia
Hawaii
Idaho
Illinois
Maine
Maryland
Massachusetts
Michigan
Minnesota
Mississippi
New Hampshire
New Jersey
New Mexico
New York
Ohio
Oklahoma
Oregon
Pennsylvania
Rhode Island
South Carolina
South Dakota
Tennessee
Texas
Utah
Vermont
Virginia
Washington
Wyoming
 
Answer Stats
Answer % Correct
California
85%
New York
76%
Hawaii
68%
Connecticut
67%
Massachusetts
65%
Delaware
63%
Maine
60%
Rhode Island
60%
New Jersey
59%
Maryland
58%
Washington
58%
Illinois
56%
Colorado
55%
New Hampshire
55%
Vermont
55%
Oregon
51%
Minnesota
48%
Virginia
36%
New Mexico
31%
No matching quizzes found
Score Distribution
Percent of People with Each Score
Percentile by Number Answered
Your Score History
You have not taken this quiz since the last reset